| 000 | 00805cab a2200253 4500 | ||
|---|---|---|---|
| 001 | ABS44934 | ||
| 008 | 090401t1991 xxu||||| |||| 00| 0 eng d | ||
| 035 | _a(Sirsi) u49948 | ||
| 041 | _aeng | ||
| 100 | _aHanson, M. | ||
| 245 | _aCash calls by builders awaiting recovery | ||
| 260 | _c1991 | ||
| 350 | _a0 | ||
| 490 |
_aEstates Gazette _v(9129) 27 July 1991, 68-69 (2) |
||
| 520 | _aRecords the results of 33 top housebuilders, who despite hard times are, in some cases, surviving surprisingly well. Also gives brief details on land banks, rights or selling incentives. | ||
| 650 | _aHOUSING MARKET | ||
| 650 | _aPART EXCHANGE | ||
| 650 | _aRECESSION | ||
| 650 | _aRESULTS | ||
| 650 | _aSTATISTICS | ||
| 690 | _aBUILDING AND CONSTRUCTION-ECONOMICS | ||
| 942 | _n0 | ||
| 948 | _c04/03/1997 | ||
| 999 |
_c31254 _d31254 |
||